| 000 | 01785cam a22005054i 4500 | ||
|---|---|---|---|
| 003 | PE-LiUPU | ||
| 005 | 20250731180057.0 | ||
| 008 | 150617s r 000 0 d | ||
| 020 | _a9682401070 | ||
| 035 | _a(Sirsi) i9789682401077 | ||
| 035 | _a(OCoLC)906762787 | ||
| 040 |
_aPE-LiUPU _bspa _cPE-LiUPU _erda |
||
| 049 | _aPRUA | ||
| 082 | 0 | 4 |
_a519.5415 _bY76 _221 |
| 245 | 0 | 0 |
_aIntroducción a la estadística aplicada a las ciencias de la conducta. / _ceditores; Robert T. H. Young, Donald J. Veldman. |
| 264 | 1 |
_aMéxico : _bTrillas, _c1989. |
|
| 300 |
_a584 páginas , Cuadros, ; _c23 centímetros |
||
| 336 |
_atext _2rdacontent |
||
| 337 |
_aunmediated _2rdamedia |
||
| 338 |
_avolume _2rdacarrier |
||
| 490 | 0 | _aBiblioteca Técnica de Psicología | |
| 505 | 0 | _aDistribución y gráficas -- Notación: suma simple -- Medidas de tendencia central -- Medidas de variabilidad -- Calificaciones estándar -- Fundamentos de la estadística inferencial -- La distribución normal -- El error estándar de la media -- La distribución -- Análisis de varianza de doble clasificación -- Ji cuadrada -- Correlación -- Prueba y predicción -- Cómo seleccionar el método de inferencia correcto. | |
| 526 | _aSEG44 | ||
| 526 | _aSEG26 | ||
| 526 | _aP159 | ||
| 526 | _aP155 | ||
| 526 | _aP154 | ||
| 526 | _aP153 | ||
| 526 | _aP150 | ||
| 526 | _aP100 | ||
| 526 | _aP31 | ||
| 526 | _aP30 | ||
| 526 | _aP26 | ||
| 526 | _aP25 | ||
| 526 | _aP24 | ||
| 526 | _aP22 | ||
| 526 | _aP15 | ||
| 526 | _aP10 | ||
| 650 | 0 | 4 |
_aPsicología _xEstadística. |
| 700 |
_aVeldman, Donald J., _eeditor. _96119 |
||
| 700 |
_aYoung, Robert K., _eeditor. _96120 |
||
| 942 |
_2ddc _cBK |
||
| 999 |
_c10542 _d10542 |
||
| 980 |
_81 _gALBERTO SANCHEZ Responsable de Automatización |
||